| 000 | 00534nam a22001937a 4500 | ||
|---|---|---|---|
| 003 | KOHA_MİRAKIL | ||
| 005 | 20250414131948.0 | ||
| 008 | 250414b tu ||||| |||| 00| 0 tur d | ||
| 020 | _a9786052343272 | ||
| 040 |
_aTR-AnABB _btur _cTR-AnABB |
||
| 041 | _atur | ||
| 082 |
_a813.32 _bNAM 2018 |
||
| 100 |
_aNamık Kemal, _d1840-1888 |
||
| 245 | 1 | 0 |
_aGülnihal / _cNamık Kemal |
| 260 |
_aİstanbul : _bRönesans Yayınları, _c2018 |
||
| 300 |
_a176 sayfa ; _c20 cm |
||
| 650 | 0 | 4 | _aTürk edebiyatı, roman |
| 942 |
_2ddc _cBK |
||
| 999 |
_c8670 _d8670 |
||
| 900 | _bGizem YORULMAZ | ||